000 00464nam a2200193Ia 4500
003 OSt
005 20251010111041.0
008 250729s2005 xx 000 0 und d
020 _a978-8171698271
040 _cAL
041 _aeng
082 _a640 BHAT
100 _aBhargav Priya
_9222927
245 _aTeaching of home science
260 _aNew Delhi
_bCommonwealth Publishers
_c2005
300 _a347p
650 _aScience
_9222928
942 _2ddc
_cBED
999 _c235672
_d235672